Polskie miasta na literę "L" - Statystyki

Ogólne statystyki
  • Ten quiz został rozwiązany 1 058 razy
    123 od ostatniego zresetowania
  • Średni wynik to 9 z 18
Statystyki odpowiedzi
ludność Miasto % Poprawnych
322 200 Lublin
98%
71 700 Lubin
92%
35 000 Lębork
74%
62 900 Leszno
65%
98 400 Legnica
64%
53 900 Legionowo
56%
21 800 Lubartów
55%
14 700 Limanowa
52%
14 000 Leżajsk
49%
24 600 Lubliniec
47%
15 900 Lidzbark Warmiński
46%
20 900 Lubań
39%
32 000 Luboń
38%
14 400 Lipno
36%
12 100 Lubaczów
29%
17 000 Libiąż
23%
16 700 Lędziny
22%
13 900 Lubsko
17%
Nie znaleziono quizów pasujących do podanych kryteriów
Rozkład punktacji
Procent ludzi z każdym wynikiem
Percentyl według liczby udzielonych odpowiedzi
Twoja historia wyników
Nie rozwiązałeś tego quizu od ostatniego zresetowania